00701 a2200229 4500001000700000003000400007005001700011008004100028020001800069082001700087100002100104245008500125250001200210260003200222300001000254690003400264700002100298700001800319942001200337999001500349952010700364132962OSt20220331153143.0  a9781439813041 a511.52bH18H1 aHammack, Richard1 aHandbook of product graphscby Richard Hammack, Wilfried Imrich and Sandi Klavar a2nd ed. aBoca RatonbCRC Pressc2011 a518p. aGraph theory; Graphic methods aImrich, Wilfried aKlavar, Sandi 2ddccBK c7296d7296 00102ddc40708TXBaCURAJbCURAJd2012-07-24eMTHl0o511.52 H18Hp10569r2020-09-02w2020-09-02yBK